| 000 | 00419nam a2200169 a 4500 | ||
|---|---|---|---|
| 005 | 20220615063443.0 | ||
| 008 | 991125s1932 fr 000 0 fre u | ||
| 035 | _aUPN01000004504 | ||
| 049 | _aCG | ||
| 050 | 4 |
_aPQ2623 E4 _bA7 |
|
| 100 | 1 | _aFranc, Nohain | |
| 245 | 1 | 2 |
_aL'art de vivre / _cFranc-Nohain. |
| 260 |
_aParĂs : _bSpes, _c1932. |
||
| 300 | _a238 p. | ||
| 650 | 0 |
_aLiteratura francesa _95152 |
|
| 905 | _aLibro | ||
| 999 |
_c4504 _d4504 |
||